00280nam a2200109Ia 4500008004100000041000800041100002100049245002400070260003500094300000900129700003200138250110s9999 xx 000 0 und d aeng aDaripkar Ruchira aOceanarium At Worli bFinal Year B. Arch, BNCAc2014 a100p aGuide Name:Chandwania Dhruv